Random Filipino to English Words #6 - Statistics

General Stats
  • This quiz has been taken 22 times
    21 since last reset
  • The average score is 11 of 15
Answer Stats
Filipino English % Correct
Basketbol Basketball
100%
Lunes Monday
93%
Martes Tuesday
93%
Kutsilyo Knife
87%
Keyk Cake
80%
Magluto Cook
80%
Ilaw Light
80%
Manalo Win
80%
Tunog Sound
73%
Tuwalya Towel
73%
Titik Letter
67%
Buhos Pour
60%
Daan Road
60%
Pampang Shore
53%
Bukol Hump
13%
No matching quizzes found
Score Distribution
Percent of People with Each Score
Percentile by Number Answered
Your Score History
You have not taken this quiz since the last reset